02243nam a2200205 a 4500008004100000020001500041041000800056092001700064100002600081245004400107250004300151260003800194300001100232500008200243505146200325655002101787942001301808999001501821952020101836180528t2001 sp ||||g |||| 00| f spa d a8401014808 aspa c808l81sSTE1 aSteel, Danielle93936 aFuerzas irresistibles /cDanielle Steel a1a ed.bTraducción Luis Murillo Fort aBarcelona:bPlaza & Janes;c2001. a269 p. aSteel, D. (2001). Fuerzas irresistibles. (1a ed.). Barcelona : Plaza & Janes. aDurante catorce años, el matrimonio de Steve y Meredith Whitman se ha caracterizado por una relación colmada de pasión y amistad pese a las exigencias de sus respectivas profesiones. Meredith, ejecutiva de un banco de inversiones, ha conseguido ser socia de una de las principales firmas de Wall Street. Steve, médico por vocación, ha elegido trabajar en un servicio de traumatología de un hospital y renunciar a una carrera mejor remunerada. Lo único que falta en sus vidas son hijos. Steve desea tenerlos, pero Meredith se niega a afrontar la maternidad pues no se siente preparada y dice no disponer de tiempo. Sobre todo ahora que le han ofrecido una inmejorable oportunidad de codearse con la flor y nata empresarial de San Francisco, a cuatro mil kilómetros de Nueva York. Steve está dispuesto a dejarlo yodo y promete reunirse con ella cuando consiga a su vez un empleo en California. Tal vez, entonces, confía, puedan por fin formar una familia. Sin embargo, ni Steve ni Meredith han contado con las frustraciones que conlleva vivir separados, sólo compartiendo fines de semana. Sola en San Francisco, ella pasa largas horas en la oficina con su jefe, el carismático Callan. Por su parte, él comparte veladas con una colega del hospital. Casi sin darse cuenta, Steve y Meredith comienzan a llevar vidas independientes en mundo cada vez más alejados y sus corazones empiezan a verse arrastrados por fuerzas irresistibles.  aLiteratura92917 2ddccLIT c3279d3279 00102ddc4070aBFMbBFMcCRd2025-07-24eDonación Navarro, Adriana. Julio 2025l0o808 81 STEp5053r2025-07-24tEj. 1w2025-07-24yLITzDonación Navarro, Adriana. Julio 2025. Sede Tordos.f